000 00553nam a2200181 i 4500
001 71806
003 ES-MaACL
005 20230906171232.0
007 t|
008 040818s1972 sp ||||1| spa d
100 1 _aGiannantoni, Gabriele.
_956612
245 1 0 _aQué ha dicho verdaderamente Sócrates /
_cGabriele Giannantoni ; [traducción, Francisco Fernández].
250 _a[1ª ed.].
260 _a[Madrid] :
_bDoncel,
_c[1972]
300 _a218 p. ;
_c18 cm.
700 1 _aFernández, Francisco.
_949363
852 _aES-MaACL
_jC-46528
_bR.81369
999 _c71806
_d71806